[Event "Titled Tuesday intern op 16th Apr Early"]
[Site "Chess.com INT"]
[Date "2024.04.16"]
[Round "5"]
[White "Garcia Molina, Jose"]
[Black "Adiga, Sathvik"]
[Result "1-0"]
[WhiteElo "2220"]
[BlackElo "2413"]
[PlyCount "181"]
[EventDate "2024.04.16"]
[EventType "swiss (blitz)"]
[EventRounds "11"]
[EventCountry "USA"]
[SourceTitle "CB17_2024"]
[SourceDate "2024.04.24"]
[SourceVersion "1"]
[SourceVersionDate "2024.04.24"]
[SourceQuality "1"]

1. Nf3 Nf6 2. b3 g6 3. Bb2 Bg7 4. g3 0-0 5. c4 d6 6. d4 Nc6 7. Bg2 e5 8. dxe5 Nd7 9. 0-0 Ndxe5 10. Nc3 Nxf3+ 11. Bxf3 Bh3 12. Re1 Qd7 13. Qd2 Rfe8 14. Rad1 Rad8 15. Nd5 Ne5 16. Bh1 c6 17. Nc3 Ng4 18. Ne4 Qf5 19. Bxg7 Kxg7 20. Qd4+ Kg8 21. f3 Ne5 22. Nxd6 Qe6 23. c5 Rd7 24. Qh4 Red8 25. g4 Bxg4 26. fxg4 b6 27. Rf1 bxc5 28. Rf6 Qxg4+ 29. Qxg4 Nxg4 30. Rf4 Ne5 31. Re4 f6 32. Ra4 Rxd6 33. Rxd6 Rxd6 34. Rxa7 Rd1+ 35. Kg2 Ra1 36. h3 h5 37. Kh2 Re1 38. Bf3 h4 39. Kg2 Ra1 40. a4 f5 41. Ra5 Rc1 42. b4 Nc4 43. Rxc5 Ne3+ 44. Kf2 Nd1+ 45. Ke1 Rxc5 46. bxc5 Nc3 47. a5 Nb5 48. Bxc6 Na7 49. Be8 Kf8 50. Bxg6 f4 51. Be4 Ke7 52. Kf2 Ke6 53. Kf3 Ke5 54. Bb7 Nb5 55. a6 Nd4+ 56. Kf2 Nb5 57. Bc6 Na7 58. Bd7 Kd5 59. Kf3 Kxc5 60. Kxf4 Kb6 61. Kg5 Kxa6 62. Kxh4 Kb6 63. Kg5 Kc7 64. Ba4 Kd6 65. Kg6 Ke7 66. Kg7 Nc8 67. h4 Nd6 68. h5 Nf5+ 69. Kg6 Nh4+ 70. Kg5 Ng2 71. Bc6 Ne3 72. h6 Kf7 73. Be4 Nd1 74. Bc2 Nc3 75. Bb3+ Kf8 76. Kg6 Nxe2 77. h7 Nf4+ 78. Kh6 Ke7 79. h8Q Nd3 80. Qh7+ Kd6 81. Qxd3+ Kc5 82. Qc4+ Kb6 83. Kg5 Kb7 84. Qc5 Ka6 85. Qb4 Ka7 86. Qb5 Ka8 87. Kf6 Ka7 88. Ke6 Ka8 89. Kd7 Ka7 90. Kc7 Ka8 91. Qa6# 1-0

[Event "Titled Tuesday intern op 16th Apr Early"]
[Site "Chess.com INT"]
[Date "2024.04.16"]
[Round "3"]
[White "Garcia Molina, Jose"]
[Black "Fernandez Hernandez, Gerardo"]
[Result "1-0"]
[WhiteElo "2220"]
[BlackElo "2161"]
[PlyCount "65"]
[EventDate "2024.04.16"]
[EventType "swiss (blitz)"]
[EventRounds "11"]
[EventCountry "USA"]
[SourceTitle "CB17_2024"]
[SourceDate "2024.04.24"]
[SourceVersion "1"]
[SourceVersionDate "2024.04.24"]
[SourceQuality "1"]

1. Nf3 Nf6 2. b3 g6 3. Bb2 Bg7 4. g3 0-0 5. c4 d6 6. d4 Nbd7 7. Bg2 e5 8. dxe5 Ng4 9. 0-0 Ndxe5 10. Nc3 Nxf3+ 11. Bxf3 Ne5 12. Bg2 c6 13. Qd2 Qe7 14. Rad1 Rd8 15. Ba3 Bf8 16. Ne4 Bf5 17. Nxd6 Qe6 18. c5 Bh3 19. Qf4 Bxg2 20. Kxg2 Rd7 21. Bb2 Bg7 22. Rd4 h5 23. Rfd1 Rad8 24. Nxb7 Rxd4 25. Nxd8 Qd5+ 26. e4 Rxe4 27. Rxd5 Rxf4 28. gxf4 cxd5 29. Bxe5 d4 30. Kf3 f5 31. c6 d3 32. c7 d2 33. Ke2 1-0

[Event "Titled Tuesday intern op 16th Apr Early"]
[Site "Chess.com INT"]
[Date "2024.04.16"]
[Round "10"]
[White "Garcia Molina, Jose"]
[Black "Kuznetsova, Marina"]
[Result "0-1"]
[WhiteElo "2220"]
[BlackElo "2054"]
[PlyCount "92"]
[EventDate "2024.04.16"]
[EventType "swiss (blitz)"]
[EventRounds "11"]
[EventCountry "USA"]
[SourceTitle "CB17_2024"]
[SourceDate "2024.04.24"]
[SourceVersion "1"]
[SourceVersionDate "2024.04.24"]
[SourceQuality "1"]

1. Nf3 Nf6 2. b3 e6 3. Bb2 d5 4. e3 c5 5. d4 Nc6 6. Be2 Be7 7. 0-0 0-0 8. c4 cxd4 9. exd4 b6 10. Nc3 Bb7 11. Rc1 Rc8 12. Re1 Re8 13. Bf1 h6 14. Ne5 dxc4 15. Nxc6 Bxc6 16. bxc4 Ba8 17. Qd3 Qd7 18. Red1 Red8 19. Qe3 Qb7 20. Qg3 Bf8 21. Rd2 Rd7 22. Re1 Rcd8 23. Qe3 Qb8 24. Red1 Bb4 25. f3 Bd6 26. g3 e5 27. Nb5 exd4 28. Bxd4 Bb4 29. Rd3 a6 30. Nc3 Rxd4 31. Rxd4 Rxd4 32. Rxd4 Bc5 33. Na4 Bxd4 34. Qxd4 Bxf3 35. Qxb6 Qc8 36. Qf2 Bc6 37. Nb6 Qb7 38. c5 Ne4 39. Qd4 Qe7 40. Bd3 Ng5 41. Kf1 Qe6 42. Qd8+ Be8 43. Qd5 Qf6+ 44. Kg1 Bc6 45. Qf5 Qd4+ 46. Qf2 Nh3+ 0-1

[Event "Titled Tuesday intern op 16th Apr Early"]
[Site "Chess.com INT"]
[Date "2024.04.16"]
[Round "1"]
[White "Garcia Molina, Jose"]
[Black "Vaz, Ethan"]
[Result "0-1"]
[WhiteElo "2220"]
[BlackElo "2411"]
[PlyCount "118"]
[EventDate "2024.04.16"]
[EventType "swiss (blitz)"]
[EventRounds "11"]
[EventCountry "USA"]
[SourceTitle "CB17_2024"]
[SourceDate "2024.04.24"]
[SourceVersion "1"]
[SourceVersionDate "2024.04.24"]
[SourceQuality "1"]

1. Nf3 Nf6 2. b3 g6 3. Bb2 Bg7 4. g3 0-0 5. c4 d6 6. d4 c5 7. Bg2 Nc6 8. d5 Na5 9. 0-0 a6 10. a4 Rb8 11. Nc3 Ne4 12. Qc2 Nxc3 13. Bxc3 Bf5 14. Qb2 Bxc3 15. Qxc3 Qb6 16. Nd2 Bd7 17. e4 e5 18. f4 f6 19. f5 Kg7 20. h4 Qb4 21. Qxb4 cxb4 22. g4 b6 23. Rf3 Nb7 24. Rg3 Nc5 25. Bf1 Kf7 26. Kf2 Rg8 27. Be2 Rg7 28. Rh1 Rbg8 29. h5 gxf5 30. exf5 Bxf5 31. Rhg1 Bd7 32. Bd1 f5 33. g5 f4 34. R3g2 e4 35. h6 Rg6 36. Bh5 e3+ 37. Kf3 exd2 38. Rxd2 Re8 39. Re2 Rxe2 40. Kxe2 Nxb3 41. Kf3 Nd4+ 42. Kxf4 Kf8 43. Rf1 Rg8 44. Ke4+ Nf5 45. Bg4 Rxg5 46. Bxf5 Rxf5 47. Rxf5+ Bxf5+ 48. Kxf5 b3 49. a5 b2 50. axb6 b1Q+ 51. Ke6 Qxb6 52. Kd7 a5 53. c5 Qxc5 54. Ke6 a4 55. Kd7 a3 56. Ke6 a2 57. Kd7 a1Q 58. Ke6 Qe5+ 59. Kd7 Qe7# 0-1

[Event "Titled Tuesday intern op 02nd Apr Early"]
[Site "Chess.com INT"]
[Date "2024.04.02"]
[Round "2"]
[White "Kacharava, Nikoloz"]
[Black "Garcia Molina, Jose"]
[Result "1-0"]
[WhiteElo "2527"]
[BlackElo "2220"]
[PlyCount "63"]
[EventDate "2024.04.02"]
[EventType "swiss (blitz)"]
[EventRounds "11"]
[EventCountry "USA"]
[SourceTitle "CB15_2024"]
[SourceDate "2024.04.10"]
[SourceVersion "1"]
[SourceVersionDate "2024.04.10"]
[SourceQuality "1"]

1. e4 e6 2. Nf3 d5 3. Nc3 Nf6 4. d3 c5 5. Bg5 Be7 6. e5 Nfd7 7. Bxe7 Qxe7 8. Nb5 0-0 9. Nc7 Nxe5 10. Nxa8 Nxf3+ 11. Qxf3 Nc6 12. c3 b6 13. Be2 Bb7 14. Nxb6 axb6 15. 0-0 d4 16. Qg3 dxc3 17. bxc3 Qf6 18. Qc7 Ba8 19. Bf3 Ne5 20. Bxa8 Rxa8 21. d4 Nc4 22. dxc5 bxc5 23. Qxc5 Ne5 24. a4 h5 25. a5 Qg5 26. Qe3 Qf6 27. a6 g6 28. a7 Qf5 29. Ra5 Nf3+ 30. Qxf3 Qxa5 31. Qxa8+ Kh7 32. Qb7 1-0

[Event "Titled Tuesday intern op 12th Mar Late"]
[Site "Chess.com INT"]
[Date "2024.03.12"]
[Round "5"]
[White "Dovzik, Juri"]
[Black "Garcia Molina, Jose"]
[Result "1/2-1/2"]
[WhiteElo "2225"]
[BlackElo "2212"]
[PlyCount "122"]
[EventDate "2024.03.12"]
[EventType "swiss (blitz)"]
[EventRounds "11"]
[EventCountry "USA"]
[SourceTitle "CB12_2024"]
[SourceDate "2023.10.01"]
[SourceVersion "1"]
[SourceVersionDate "2023.10.01"]
[SourceQuality "1"]

1. Nf3 g6 2. c4 Bg7 3. Nc3 d6 4. d4 f5 5. e4 fxe4 6. Nxe4 Nf6 7. Nxf6+ Bxf6 8. Be2 Bf5 9. 0-0 c5 10. Bg5 0-0 11. Bxf6 Rxf6 12. dxc5 Nc6 13. cxd6 Rxd6 14. Qc1 Rc8 15. c5 Rf6 16. Qc3 Qc7 17. b4 a6 18. h3 Qf4 19. Qc4+ Qxc4 20. Bxc4+ Kg7 21. a3 Bxh3 22. Ng5 Bf5 23. Rfe1 Rd8 24. Rad1 Rxd1 25. Rxd1 h6 26. Nf3 Bg4 27. Bd5 Kf8 28. Rd3 Rf4 29. Bxc6 bxc6 30. Ne5 Bf5 31. Rf3 Rxf3 32. gxf3 Ke8 33. Nxc6 Kd7 34. Nd4 Bd3 35. f4 g5 36. fxg5 hxg5 37. Kg2 e5 38. Nf3 e4 39. Nxg5 Kc6 40. Kg3 Kb5 41. Kf4 Ka4 42. Nxe4 Kxa3 43. c6 Bb5 44. c7 Bd7 45. Nd6 Kxb4 46. c8Q Bxc8 47. Nxc8 a5 48. Nb6 Kc5 49. Na4+ Kb4 50. Nb2 Kc3 51. Na4+ Kb4 52. Nb6 Kc5 53. Nd7+ Kb4 54. Ke3 a4 55. Ne5 Kc3 56. Nd3 a3 57. Nc1 Kc2 58. Na2 Kb3 59. Nc1+ Kc2 60. Nd3 Kc3 61. Nc1 Kc2 1/2-1/2

[Event "Titled Tuesday intern op 23rd Jan Late"]
[Site "Chess.com INT"]
[Date "2024.01.23"]
[Round "2"]
[White "Garcia Molina, Jose"]
[Black "Bjelobrk, Igor"]
[Result "0-1"]
[WhiteElo "2190"]
[BlackElo "2403"]
[PlyCount "136"]
[EventDate "2024.01.23"]
[EventType "swiss (blitz)"]
[EventRounds "11"]
[EventCountry "USA"]
[SourceTitle "CB05_2024"]
[SourceDate "2024.01.31"]
[SourceVersion "1"]
[SourceVersionDate "2024.01.31"]
[SourceQuality "1"]

1. Nf3 c5 2. b3 d6 3. Bb2 e5 4. e4 a6 5. c3 f5 6. exf5 Bxf5 7. d4 cxd4 8. cxd4 e4 9. Nfd2 d5 10. Be2 Nf6 11. 0-0 Nc6 12. Re1 Bd6 13. Nf1 0-0 14. Ng3 Bg6 15. Nd2 Qb6 16. Ndf1 Bb4 17. Ne3 Bxe1 18. Qxe1 Kh8 19. h4 h6 20. h5 Bh7 21. Rc1 Rac8 22. Rc5 Bg8 23. Qc3 Rcd8 24. a3 Nd7 25. Ngf5 Nxc5 26. dxc5 d4 27. cxb6 dxc3 28. Bxc3 Rd7 29. Nxh6 Bxb3 30. Nhg4 Kh7 31. h6 Nd4 32. Kf1 gxh6 33. Ne5 Rdd8 34. Bh5 Rf6 35. N3g4 Rxb6 36. Nf7 Bxf7 37. Bxf7 Rc6 38. Bd2 Kg7 39. Bh5 b5 40. g3 Nf3 41. Bb4 Rd1+ 42. Ke2 Rb1 43. Ke3 Re6 44. Kf4 Rb3 45. Ne3 Nd4 46. Bg4 Re8 47. Bc5 Ne6+ 48. Bxe6 Rxe6 49. Bd4+ Kf7 50. Nf5 Rxa3 51. Nxh6+ Kg6 52. Ng8 b4 53. g4 a5 54. g5 a4 55. Nf6 Rb3 56. Nxe4 a3 57. Nc5 Rd6 58. Nxb3 Rd5 59. Ke4 Rxg5 60. f4 Rg3 61. Nd2 b3 62. Be3 b2 63. f5+ Kf7 64. Bc5 a2 65. Bd4 b1Q+ 66. Nxb1 axb1Q+ 67. Kd5 Qxf5+ 68. Be5 Rg5 0-1

[Event "Titled Tuesday intern op 23rd Jan Late"]
[Site "Chess.com INT"]
[Date "2024.01.23"]
[Round "7"]
[White "Garcia Molina, Jose"]
[Black "Ronka, Erik"]
[Result "0-1"]
[WhiteElo "2190"]
[BlackElo "2291"]
[PlyCount "70"]
[EventDate "2024.01.23"]
[EventType "swiss (blitz)"]
[EventRounds "11"]
[EventCountry "USA"]
[SourceTitle "CB05_2024"]
[SourceDate "2024.01.31"]
[SourceVersion "1"]
[SourceVersionDate "2024.01.31"]
[SourceQuality "1"]

1. Nf3 Nf6 2. b3 g6 3. Bb2 Bg7 4. g3 0-0 5. Bg2 d6 6. 0-0 e5 7. d3 Nbd7 8. e4 Nh5 9. Nbd2 Qe8 10. d4 b6 11. dxe5 dxe5 12. Ba3 Nc5 13. Re1 Bb7 14. Qe2 Qc6 15. b4 Qa4 16. Qe3 Ne6 17. Rac1 Nd4 18. Nxd4 exd4 19. Qb3 Qd7 20. Bb2 Rfe8 21. Rcd1 Rad8 22. Nf3 Bxe4 23. Nxd4 Bxg2 24. Rxe8+ Qxe8 25. Kxg2 Bxd4 26. Bxd4 Qe4+ 27. Qf3 Rxd4 28. Rxd4 Qxd4 29. Qa8+ Kg7 30. Qxa7 Qe4+ 31. Kg1 Qxc2 32. a4 Nf6 33. a5 Ne4 34. axb6 Qxf2+ 35. Kh1 Qf1# 0-1

[Event "Titled Tuesday intern op 14th Nov Early"]
[Site "Chess.com INT"]
[Date "2023.11.14"]
[Round "10"]
[White "Marcziter, Dmitrii"]
[Black "Garcia Molina, Jose"]
[Result "1/2-1/2"]
[WhiteElo "2224"]
[BlackElo "2212"]
[PlyCount "168"]
[EventDate "2023.11.14"]
[EventType "swiss (blitz)"]
[EventRounds "11"]
[EventCountry "USA"]
[SourceTitle "CB47_2023"]
[SourceDate "2023.11.22"]
[SourceVersion "1"]
[SourceVersionDate "2023.11.22"]
[SourceQuality "1"]

1. d4 g6 2. c4 Bg7 3. Nf3 d6 4. Nc3 e5 5. Bg5 Qd7 6. dxe5 dxe5 7. Qc2 c6 8. Rd1 Qc7 9. Ne4 Bf5 10. Rd8+ Qxd8 11. Bxd8 Kxd8 12. Nh4 Bxe4 13. Qxe4 Nd7 14. e3 Ngf6 15. Qc2 Kc7 16. Nf3 Rad8 17. Be2 Rhe8 18. 0-0 Nc5 19. Ng5 Rd7 20. b4 Ne6 21. Nxe6+ Rxe6 22. b5 Red6 23. Bf3 c5 24. b6+ axb6 25. Qa4 e4 26. Bd1 Ne8 27. Bc2 f5 28. f3 exf3 29. Rxf3 Nf6 30. h3 Rd2 31. Rf2 R2d6 32. Qa8 Rd8 33. Qa3 Bh6 34. e4 fxe4 35. Rxf6 Rxf6 36. Bxe4 Rd1+ 37. Kh2 Bf4+ 38. g3 Rd2+ 39. Bg2 Bd6 40. Qa8 Rff2 41. Qxb7+ Kd8 42. Qxb6+ Bc7 43. Qxc5 Rxg2+ 44. Kh1 Rge2 45. Qf8+ Kd7 46. Qf7+ Kc6 47. Qf1 Bxg3 48. Qf3+ Kc5 49. Qa3+ Kd4 50. Qa7+ Kd3 51. Qa3+ Kc2 52. Qb3+ Kc1 53. Qc3+ Kb1 54. Qb3+ Ka1 55. Qc3+ Rb2 56. Kg1 Be5 57. Qc1+ Rb1 58. Qxb1+ Kxb1 59. Kf1 Rxa2 60. c5 Rc2 61. h4 Bc7 62. h5 gxh5 63. c6 Kb2 64. Ke1 Kb3 65. Kd1 Kb4 66. Kxc2 Kc4 67. Kd2 Kd4 68. Ke2 Ke4 69. Kf2 Kf4 70. Kg2 Kg4 71. Kh1 Kh3 72. Kg1 h4 73. Kh1 h6 74. Kg1 Kg3 75. Kh1 h3 76. Kg1 Bb6+ 77. Kh1 Bc7 78. Kg1 Kh4 79. Kh1 Kg4 80. Kg1 h2+ 81. Kh1 Bd6 82. Kg2 Kh4 83. Kh1 Kh3 84. c7 Bxc7 1/2-1/2

[Event "EU-Cup 38th"]
[Site "Durres"]
[Date "2023.10.05"]
[Round "5.5"]
[White "Garcia Molina, Jose"]
[Black "Kilic, Eray"]
[Result "0-1"]
[WhiteElo "2216"]
[BlackElo "2432"]
[PlyCount "54"]
[EventDate "2023.10.01"]
[EventType "team-swiss"]
[EventRounds "7"]
[EventCountry "ALB"]
[SourceTitle "EXT 2024"]
[Source "ChessBase"]
[SourceDate "2023.10.10"]
[SourceVersion "1"]
[SourceVersionDate "2023.10.10"]
[SourceQuality "1"]
[WhiteTeam "Silla"]
[BlackTeam "Gokturk"]
[WhiteTeamCountry "ESP"]
[BlackTeamCountry "TUR"]

1. d4 Nf6 2. c4 e6 3. Nf3 d5 4. g3 Be7 5. Bg2 0-0 6. 0-0 a5 7. Nc3 c6 8. Qd3 b6 9. b3 Ba6 10. a4 Bb4 11. Bb2 Nbd7 12. Rfd1 Qe7 13. e3 Rac8 14. Rac1 Rfd8 15. Qb1 dxc4 16. Bf1 b5 17. bxc4 bxc4 18. Na2 c5 19. Nd2 Bxd2 20. Rxd2 Ne5 21. dxe5 Rxd2 22. Bc3 Ne4 23. Qxe4 Rxa2 24. Rb1 Qc7 25. Bg2 Ra3 26. Qc2 Rb3 27. Rd1 Rd8 0-1

[Event "Paterna 4th"]
[Site "Paterna"]
[Date "2023.09.25"]
[Round "5"]
[White "Sanchez Corujo, Jose Ignacio"]
[Black "Garcia Molina, Jose"]
[Result "1-0"]
[WhiteElo "2171"]
[BlackElo "2118"]
[PlyCount "81"]
[EventDate "2023.09.25"]
[EventType "tourn"]
[EventRounds "7"]
[EventCountry "ESP"]
[SourceTitle "EXT 2024"]
[Source "ChessBase"]
[SourceDate "2023.10.10"]
[SourceVersion "1"]
[SourceVersionDate "2023.10.10"]
[SourceQuality "1"]

1. e4 c5 2. Nf3 a6 3. c4 Nc6 4. d4 cxd4 5. Nxd4 e5 6. Nxc6 bxc6 7. Nc3 d6 8. Bd3 Ne7 9. 0-0 Ng6 10. Qf3 Be7 11. Rd1 Qc7 12. Be3 0-0 13. Rac1 Kh8 14. g3 Rb8 15. b3 Be6 16. h4 Qc8 17. Qe2 Bd8 18. Bb1 Bc7 19. f3 f5 20. exf5 Bxf5 21. Bxf5 Qxf5 22. Kg2 Rbd8 23. Bg5 Rd7 24. Ne4 d5 25. Nc5 Rdf7 26. cxd5 cxd5 27. Rxd5 Bb6 28. Ne4 h6 29. Be3 Nxh4+ 30. gxh4 Qg6+ 31. Ng3 Rxf3 32. Qxf3 Rxf3 33. Kxf3 Bxe3 34. Rc8+ Kh7 35. Rdd8 Qf7+ 36. Kg2 Qf2+ 37. Kh3 Bf4 38. Rh8+ Kg6 39. h5+ Kf7 40. Rhf8+ Ke6 41. Rfe8+ 1-0

[Event "Guardamar Esphouses op 1st"]
[Site "Guardamar del Segura"]
[Date "2023.09.08"]
[Round "7"]
[White "Garcia Molina, Jose"]
[Black "Van Haaften, Maarten"]
[Result "1-0"]
[WhiteElo "2218"]
[BlackElo "1910"]
[PlyCount "91"]
[EventDate "2023.09.04"]
[EventType "swiss"]
[EventRounds "9"]
[EventCountry "ESP"]
[SourceTitle "EXT 2024"]
[Source "ChessBase"]
[SourceDate "2023.10.10"]
[SourceVersion "1"]
[SourceVersionDate "2023.10.10"]
[SourceQuality "1"]

1. d4 d5 2. c4 e6 3. Nf3 Nf6 4. g3 Bb4+ 5. Nbd2 0-0 6. Bg2 dxc4 7. Qc2 c5 8. dxc5 c3 9. bxc3 Bxc5 10. Nb3 Bd6 11. 0-0 Qc7 12. c4 Nbd7 13. Bb2 Be7 14. c5 a5 15. a4 Nd5 16. Rac1 Qc6 17. Nfd4 Qxa4 18. Ra1 Qb4 19. Ba3 Qc3 20. Qb1 Qc4 21. c6 Bxa3 22. cxd7 Bxd7 23. Rxa3 a4 24. Qa1 b5 25. Rc1 Qb4 26. Nc5 Be8 27. Bxd5 exd5 28. Nf5 Qg4 29. Rf3 Kh8 30. Qe5 f6 31. Qd6 Bf7 32. Nd7 Rfd8 33. Qe7 Qg6 34. Rc6 Re8 35. Qc5 a3 36. Qd4 a2 37. Rc1 Ra4 38. Qb2 Be6 39. Nc5 Raa8 40. Nxe6 Rxe6 41. Ra1 Qe8 42. Rxa2 Rxa2 43. Qxa2 Rxe2 44. Qa7 Qg8 45. Rc3 b4 46. Rc8 1-0

[Event "Guardamar Esphouses op 1st"]
[Site "Guardamar del Segura"]
[Date "2023.09.07"]
[Round "6"]
[White "Luque Saiz, Andres"]
[Black "Garcia Molina, Jose"]
[Result "1-0"]
[WhiteElo "2371"]
[BlackElo "2218"]
[PlyCount "63"]
[EventDate "2023.09.04"]
[EventType "swiss"]
[EventRounds "9"]
[EventCountry "ESP"]
[SourceTitle "EXT 2024"]
[Source "ChessBase"]
[SourceDate "2023.10.10"]
[SourceVersion "1"]
[SourceVersionDate "2023.10.10"]
[SourceQuality "1"]

1. e4 e5 2. Nf3 Nc6 3. Bc4 Bc5 4. c3 Nf6 5. d3 d6 6. b4 Bb6 7. 0-0 0-0 8. Nbd2 a5 9. b5 Ne7 10. Bb3 c6 11. a4 Ng6 12. Re1 Re8 13. Qc2 d5 14. h3 Bd7 15. bxc6 Bxc6 16. Rb1 Rc8 17. Nf1 h6 18. Ng3 Qc7 19. Ba3 Nf4 20. Bc1 g6 21. d4 exd4 22. e5 d3 23. Qb2 N6h5 24. Nxh5 Nxh5 25. Qd2 Ng3 26. Qxh6 Nf5 27. Qf4 Qd7 28. g4 Ng7 29. Qh6 Bd8 30. Ng5 Bxg5 31. Bxg5 Nh5 32. Bf6 1-0

[Event "ESP-ch Rapid"]
[Site "Linares"]
[Date "2023.08.19"]
[Round "6"]
[White "Tenorio Garcia, Joel"]
[Black "Garcia Molina, Jose"]
[Result "0-1"]
[WhiteElo "2077"]
[BlackElo "2257"]
[PlyCount "112"]
[EventDate "2023.08.19"]
[EventType "swiss (rapid)"]
[EventRounds "10"]
[EventCountry "ESP"]
[SourceTitle "CBM 215 Extra"]
[Source "ChessBase"]
[SourceDate "2023.09.30"]
[SourceVersion "1"]
[SourceVersionDate "2023.09.30"]
[SourceQuality "1"]

1. e4 c5 2. Nf3 d6 3. d4 cxd4 4. Nxd4 Nf6 5. Nc3 Nc6 6. Bc4 Qb6 7. Nb3 e6 8. 0-0 Be7 9. Be3 Qc7 10. Bd3 0-0 11. f4 Bd7 12. Qf3 a6 13. Rad1 b5 14. a3 Rfd8 15. f5 Ne5 16. Qg3 Kh8 17. Bf4 Nh5 18. Qh3 Nxf4 19. Rxf4 a5 20. Kh1 Rac8 21. Nxb5 Bxb5 22. Bxb5 Qxc2 23. Rd2 Qb1+ 24. Rf1 Qxe4 25. fxe6 fxe6 26. Bd3 Nxd3 27. Qxd3 Rf8 28. h3 Rxf1+ 29. Qxf1 a4 30. Nd4 Bf6 31. Nf3 d5 32. Re2 Qf5 33. Qe1 Re8 34. Qd1 Ra8 35. Qe1 Ra6 36. Qb4 h6 37. Qb5 Rd6 38. Qxa4 Kh7 39. b4 e5 40. Qc2 e4 41. Rf2 Qg6 42. Ne1 Be5 43. Qb3 Rd8 44. b5 d4 45. b6 e3 46. Rf3 Bb8 47. Qd3 Qxd3 48. Nxd3 Rd6 49. Kg1 Rxb6 50. Kf1 Rb1+ 51. Ke2 Ra1 52. Rf8 Ra2+ 53. Kf3 Rxa3 54. Ke4 e2 55. Rxb8 Rxd3 56. Kxd3 e1Q 0-1

[Event "ESP-chT CECLUB Div2"]
[Site "Linares"]
[Date "2023.08.15"]
[Round "4.34"]
[White "Garcia Molina, Jose"]
[Black "Gutierrez Diaz, Pablo"]
[Result "1-0"]
[WhiteElo "2257"]
[BlackElo "1983"]
[PlyCount "91"]
[EventDate "2023.08.13"]
[EventType "team-swiss"]
[EventRounds "7"]
[EventCountry "ESP"]
[SourceTitle "EXT 2024"]
[Source "ChessBase"]
[SourceDate "2023.10.10"]
[SourceVersion "1"]
[SourceVersionDate "2023.10.10"]
[SourceQuality "1"]
[WhiteTeam "Silla Integrant II"]
[BlackTeam "Villalba 64 Miscasa"]
[WhiteTeamCountry "ESP"]
[BlackTeamCountry "ESP"]

1. d4 Nf6 2. c4 g6 3. Nf3 Bg7 4. g3 0-0 5. Bg2 d6 6. Nc3 Nc6 7. 0-0 e5 8. dxe5 dxe5 9. Bg5 Qxd1 10. Raxd1 h6 11. Be3 Be6 12. Nd5 e4 13. Nxf6+ Bxf6 14. Nd2 Bxb2 15. Rb1 Bg7 16. Bxe4 Nd4 17. Rxb7 Nxe2+ 18. Kg2 Nc3 19. Bf3 Be5 20. Bxh6 Rfb8 21. Rb3 Rxb3 22. axb3 Rd8 23. Re1 Bf6 24. Be3 Rd3 25. h4 a5 26. Rh1 Bd7 27. h5 gxh5 28. Rxh5 a4 29. bxa4 Bxa4 30. Ra5 Nd1 31. Bh6 Nb2 32. Ne4 Rxf3 33. Kxf3 Bd1+ 34. Kg2 Be7 35. Bg5 Bb4 36. Rb5 Nd3 37. Bf6 Kh7 38. Bc3 Be7 39. Rb7 Bf8 40. Rxc7 Kg6 41. Rc6+ Kf5 42. f3 Be7 43. Nd6+ Kg5 44. Nxf7+ Kf5 45. g4+ Kf4 46. Bd2# 1-0

[Event "ESP-ch U18"]
[Site "Salobrena"]
[Date "2023.08.05"]
[Round "9"]
[White "Leone Amigot, Haymar"]
[Black "Garcia Molina, Jose"]
[Result "1/2-1/2"]
[WhiteElo "2000"]
[BlackElo "2261"]
[PlyCount "122"]
[EventDate "2023.07.31"]
[EventType "swiss"]
[EventRounds "9"]
[EventCountry "ESP"]
[SourceTitle "CBM 215 Extra"]
[Source "ChessBase"]
[SourceDate "2023.09.30"]
[SourceVersion "1"]
[SourceVersionDate "2023.09.30"]
[SourceQuality "1"]

1. e4 c5 2. Nf3 d6 3. d4 cxd4 4. Nxd4 Nf6 5. Nc3 a6 6. Be3 e5 7. Nb3 Be6 8. f3 Nbd7 9. Qd2 h5 10. Nd5 Bxd5 11. exd5 g6 12. Be2 Bg7 13. 0-0 0-0 14. c4 b6 15. f4 Ne4 16. Qc2 f5 17. fxe5 dxe5 18. Rfd1 Rc8 19. Rac1 Qf6 20. Nd2 Nxd2 21. Bxd2 a5 22. a3 Qd6 23. b4 axb4 24. axb4 e4 25. Bc3 Ne5 26. Bd4 Qxb4 27. Rb1 Qd6 28. Bxb6 Nd7 29. Bf2 Be5 30. h3 Rc7 31. Rb5 Rfc8 32. Rdb1 Qe7 33. Rb7 Bd6 34. Rxc7 Rxc7 35. Qc3 f4 36. Ra1 Ne5 37. Ra5 e3 38. Be1 Qg5 39. h4 Qf6 40. Kh1 Qf5 41. Bf1 Qe4 42. Ra2 Kh7 43. Qc2 Qd4 44. Bc3 e2 45. Bxe2 Qf2 46. Bf3 Qxh4+ 47. Kg1 Bc5+ 48. Kf1 Nxf3 49. gxf3 Re7 50. Qg2 Rb7 51. Rb2 Ra7 52. Re2 Be3 53. Re1 Ra2 54. Re2 Ra3 55. Be1 Ra1 56. d6 Bd2 57. Re7+ Qxe7 58. dxe7 Rxe1+ 59. Kf2 Rxe7 60. Qg5 Be3+ 61. Ke2 Rd7 1/2-1/2

[Event "ESP-ch U18"]
[Site "Salobrena"]
[Date "2023.08.04"]
[Round "7"]
[White "Garcia Fernandez, Victor"]
[Black "Garcia Molina, Jose"]
[Result "1-0"]
[WhiteElo "2177"]
[BlackElo "2261"]
[PlyCount "57"]
[EventDate "2023.07.31"]
[EventType "swiss"]
[EventRounds "9"]
[EventCountry "ESP"]
[SourceTitle "CBM 215 Extra"]
[Source "ChessBase"]
[SourceDate "2023.09.30"]
[SourceVersion "1"]
[SourceVersionDate "2023.09.30"]
[SourceQuality "1"]

1. d4 g6 2. e4 d6 3. Nc3 Bg7 4. f4 Nf6 5. Nf3 0-0 6. e5 dxe5 7. fxe5 Nd5 8. Bc4 Nxc3 9. bxc3 c5 10. 0-0 Bg4 11. Qd3 Nc6 12. Ng5 e6 13. Qg3 Bf5 14. Rxf5 exf5 15. e6 Bxd4+ 16. Kh1 Be5 17. Bf4 Bxf4 18. Qxf4 Qf6 19. exf7+ Kh8 20. Re1 Qxc3 21. Qh4 h5 22. Nf3 Rad8 23. Qg5 Kh7 24. Be6 Rd6 25. Qg3 Rxe6 26. Ng5+ Kh6 27. Qxc3 Rxe1+ 28. Qxe1 Kxg5 29. Qe8 1-0

[Event "ESP-ch U18"]
[Site "Salobrena"]
[Date "2023.07.31"]
[Round "1"]
[White "Arguelles Gonzalez, Victor"]
[Black "Garcia Molina, Jose"]
[Result "0-1"]
[WhiteElo "1815"]
[BlackElo "2261"]
[PlyCount "158"]
[EventDate "2023.07.31"]
[EventType "swiss"]
[EventRounds "9"]
[EventCountry "ESP"]
[SourceTitle "CBM 215 Extra"]
[Source "ChessBase"]
[SourceDate "2023.09.30"]
[SourceVersion "1"]
[SourceVersionDate "2023.09.30"]
[SourceQuality "1"]

1. e4 c5 2. Nf3 d6 3. d4 cxd4 4. Qxd4 Nc6 5. Bb5 a6 6. Bxc6+ bxc6 7. e5 d5 8. Nbd2 Nh6 9. Nb3 Nf5 10. Qc3 Qb6 11. 0-0 h5 12. Ne1 e6 13. Nd3 Be7 14. Nbc5 a5 15. b3 Ba6 16. Nxa6 Rxa6 17. a4 Bb4 18. Nxb4 axb4 19. Qd2 0-0 20. Bb2 c5 21. Qg5 g6 22. h3 Qd8 23. Qxd8 Rxd8 24. g4 hxg4 25. hxg4 Ne7 26. Bc1 Rc8 27. Bg5 Kf8 28. Bxe7+ Kxe7 29. Rad1 Kd7 30. Rfe1 Rb6 31. Re3 c4 32. Rd4 g5 33. Kf1 Rb7 34. Ke2 cxb3 35. cxb3 Rc2+ 36. Rd2 Rbc7 37. Red3 R2c5 38. Rd4 Rb7 39. Kd1 Kc6 40. Rc2 Rb8 41. Rxc5+ Kxc5 42. Rd2 Rb7 43. Ke2 d4 44. f4 Kd5 45. Kf3 Rc7 46. fxg5 Kxe5 47. Ke2 Ke4 48. a5 Ra7 49. Ra2 e5 50. a6 Kf4 51. Ra5 e4 52. Ra4 d3+ 53. Kd2 Kf3 54. Ra1 e3+ 55. Kxd3 Rd7+ 56. Kc4 e2 57. Re1 Ra7 58. Kb5 Kf2 59. Rh1 e1Q 60. Rxe1 Kxe1 61. Kb6 Ra8 62. Kb7 Rg8 63. a7 Kd2 64. a8Q Rxa8 65. Kxa8 Kc3 66. Kb7 Kxb3 67. Kc7 Kc4 68. Kd7 b3 69. Ke7 b2 70. Kxf7 b1Q 71. g6 Qf1+ 72. Kg8 Kd5 73. g7 Ke6 74. g5 Qf7+ 75. Kh7 Qh5+ 76. Kg8 Qxg5 77. Kh7 Qh5+ 78. Kg8 Kd7 79. Kf8 Qe8# 0-1